[Event "Rohde op 10th"]
[Site "Sautron"]
[Date "2010.10.29"]
[Round "8"]
[White "Gaulin, Baudoin"]
[Black "Nicolazo, Maxime"]
[Result "1-0"]
[WhiteElo "2113"]
[BlackElo "1760"]
[PlyCount "53"]
[EventDate "2010.10.23"]
[EventType "swiss"]
[EventRounds "9"]
[EventCountry "FRA"]
[SourceTitle "EXT 2012"]
[Source "ChessBase"]
[SourceDate "2011.11.24"]
[SourceVersion "1"]
[SourceVersionDate "2011.11.24"]
[SourceQuality "1"]

1. d4 d5 2. Nf3 Nf6 3. e3 e6 4. Bd3 c5 5. c3 Nc6 6. Nbd2 Bd6 7. 0-0 0-0 8. dxc5 Bxc5 9. e4 dxe4 10. Nxe4 Nxe4 11. Bxe4 Qc7 12. Qe2 f5 13. Bc2 Kh8 14. Re1 Bd6 15. Bb3 e5 16. Ng5 h6 17. Qh5 Ne7 18. Nf7+ Rxf7 19. Bxf7 Kh7 20. Bb3 b6 21. Qf7 e4 22. h3 Bb7 23. Be3 Be5 24. Bd4 f4 25. Bxe5 Qxe5 26. Qe6 Qg5 27. Bc2 1-0

[Event "Fouesnant op 14th"]
[Site "Fouesnant"]
[Date "2008.10.28"]
[Round "4"]
[White "Peyre, Thomas"]
[Black "Gaulin, Baudoin"]
[Result "1/2-1/2"]
[WhiteElo "1919"]
[BlackElo "2104"]
[PlyCount "64"]
[EventDate "2008.10.25"]
[EventType "swiss"]
[EventRounds "9"]
[EventCountry "FRA"]
[SourceTitle "EXT 2009"]
[Source "ChessBase"]
[SourceDate "2008.11.26"]
[SourceVersion "1"]
[SourceVersionDate "2008.11.26"]
[SourceQuality "1"]

1. e4 b6 2. d4 Bb7 3. Nc3 e6 4. a3 Nf6 5. Bd3 Be7 6. Bf4 d5 7. e5 Nfd7 8. Qg4 g5 9. Be3 h5 10. Qg3 a6 11. Nf3 g4 12. Nd2 c5 13. h3 cxd4 14. Bxd4 Nc6 15. Ne2 Nxd4 16. Nxd4 Bh4 17. Nxe6 Bxg3 18. Nxd8 Kxd8 19. fxg3 Nxe5 20. Bf5 Bc8 21. 0-0 Ke7 22. Rae1 f6 23. Nb3 gxh3 24. gxh3 Rg8 25. Kh2 Rg5 26. Nd4 Bxf5 27. Nxf5+ Ke6 28. Nd4+ Ke7 29. Nf5+ Kd7 30. Rd1 Ke6 31. Nd4+ Ke7 32. Nf5+ Ke6 1/2-1/2

[Event "Fouesnant op 13th"]
[Site "Fouesnant"]
[Date "2007.10.30"]
[Round "5"]
[White "Peyre, Camille"]
[Black "Gaulin, Baudoin"]
[Result "1/2-1/2"]
[WhiteElo "1795"]
[BlackElo "2114"]
[PlyCount "89"]
[EventDate "2007.10.27"]
[EventType "swiss"]
[EventRounds "9"]
[EventCountry "FRA"]
[SourceTitle "EXT 2008"]
[Source "ChessBase"]
[SourceDate "2007.11.25"]
[SourceVersion "1"]
[SourceVersionDate "2007.11.25"]
[SourceQuality "1"]

1. d4 e6 2. c4 b6 3. e4 Bb7 4. Bd3 Bb4+ 5. Kf1 f5 6. exf5 Nf6 7. c5 bxc5 8. a3 c4 9. Bxc4 Ba5 10. fxe6 dxe6 11. Qa4+ Nc6 12. Nf3 0-0 13. Nc3 Kh8 14. Bb5 Bxc3 15. bxc3 Qd5 16. Bc4 Qf5 17. Qb5 Na5 18. Qxf5 exf5 19. Bd3 Ne4 20. Bb2 Rab8 21. Rb1 Bd5 22. Ba1 Rxb1+ 23. Bxb1 Nb3 24. Bb2 Rb8 25. Ke2 Nxd4+ 26. cxd4 Rxb2+ 27. Ke3 Nxf2 28. Rc1 g6 29. h3 Ne4 30. Ne5 g5 31. Bxe4 Bxe4 32. Nf7+ Kg8 33. Nxg5 Bxg2 34. Rxc7 Rb3+ 35. Kf4 Rxa3 36. Kxf5 Bxh3+ 37. Nxh3 Rxh3 38. Rxa7 Kf8 39. d5 Ke8 40. Ke6 Rh6+ 41. Ke5 Kd8 42. Kd4 Rh1 43. Kc5 Rh6 44. d6 Rh1 45. Kc6 1/2-1/2

[Event "Fouesnant op 13th"]
[Site "Fouesnant"]
[Date "2007.10.28"]
[Round "3"]
[White "Toux, Stephane"]
[Black "Gaulin, Baudoin"]
[Result "1/2-1/2"]
[WhiteElo "1894"]
[BlackElo "2114"]
[PlyCount "83"]
[EventDate "2007.10.27"]
[EventType "swiss"]
[EventRounds "9"]
[EventCountry "FRA"]
[SourceTitle "EXT 2008"]
[Source "ChessBase"]
[SourceDate "2007.11.25"]
[SourceVersion "1"]
[SourceVersionDate "2007.11.25"]
[SourceQuality "1"]

1. e4 c5 2. Nf3 Nc6 3. d4 cxd4 4. Nxd4 e5 5. Nb5 a6 6. Nd6+ Bxd6 7. Qxd6 Qf6 8. Qd1 Qg6 9. Nc3 d5 10. Nxd5 Qxe4+ 11. Be3 Nd4 12. Nc7+ Ke7 13. Nxa8 Nxc2+ 14. Kd2 Nxe3 15. fxe3 Nf6 16. Qc1 Qb4+ 17. Ke2 Bg4+ 18. Kf2 Rxa8 19. Qc7+ Kf8 20. Qxe5 Rd8 21. h3 Ne4+ 22. Kg1 f6 23. Qc7 Rc8 24. Qf4 Bd7 25. Bd3 Bc6 26. Rc1 Re8 27. Rc4 Qxb2 28. Rxe4 Rd8 29. Bf1 Bxe4 30. Qxe4 b5 31. Qxh7 Qxa2 32. Qh8+ Qg8 33. Qh4 Qe6 34. Qf4 Re8 35. Kf2 g5 36. Qf3 b4 37. Bd3 Rd8 38. Qe4 Qa2+ 39. Kg3 Qd2 40. Bxa6 Qd6+ 41. Kf2 Qxa6 42. Qxb4+ 1/2-1/2

[Event "Fouesnant op 12th"]
[Site "Fouesnant"]
[Date "2006.11.04"]
[Round "9"]
[White "Caroff, Frederic"]
[Black "Gaulin, Baudoin"]
[Result "1/2-1/2"]
[WhiteElo "2057"]
[BlackElo "2106"]
[PlyCount "56"]
[EventDate "2006.10.28"]
[EventType "swiss"]
[EventRounds "9"]
[EventCountry "FRA"]
[SourceTitle "EXT 2008"]
[Source "ChessBase"]
[SourceDate "2007.11.25"]
[SourceVersion "1"]
[SourceVersionDate "2007.11.25"]
[SourceQuality "1"]

1. e4 c5 2. c3 d5 3. exd5 Qxd5 4. d4 Nc6 5. Nf3 Bg4 6. Be2 e6 7. 0-0 Nf6 8. Be3 cxd4 9. cxd4 Bd6 10. Nc3 Qa5 11. Qb3 Qb4 12. Qc2 0-0 13. a3 Qa5 14. b4 Qd8 15. Rfd1 Rc8 16. Qb3 Ne7 17. Bg5 Nfd5 18. Nxd5 exd5 19. Bh4 Bf4 20. Ra2 f6 21. Bg3 Bxg3 22. hxg3 Qc7 23. Nh2 Be6 24. Bf3 Bf7 25. Nf1 Qc3 26. Qa4 a6 27. Ne3 Qc6 28. Qb3 Qc3 1/2-1/2

[Event "Fouesnant op 12th"]
[Site "Fouesnant"]
[Date "2006.11.02"]
[Round "7"]
[White "Bojkov, Dejan"]
[Black "Gaulin, Baudoin"]
[Result "1-0"]
[WhiteElo "2447"]
[BlackElo "2106"]
[PlyCount "89"]
[EventDate "2006.10.28"]
[EventType "swiss"]
[EventRounds "9"]
[EventCountry "FRA"]
[SourceTitle "EXT 2008"]
[Source "ChessBase"]
[SourceDate "2007.11.25"]
[SourceVersion "1"]
[SourceVersionDate "2007.11.25"]
[SourceQuality "1"]

1. e4 c5 2. Nf3 Nc6 3. Bb5 a6 4. Bxc6 dxc6 5. d3 Qc7 6. a4 a5 7. Nbd2 e5 8. Nc4 f6 9. 0-0 Be6 10. Ne3 g5 11. c3 0-0-0 12. Qc2 h5 13. Rd1 h4 14. h3 Nh6 15. Nh2 Qd7 16. f3 Rg8 17. Nhg4 Nxg4 18. fxg4 Be7 19. b3 Qc7 20. Rb1 Rd7 21. Nf1 Rgd8 22. Be3 b6 23. Nh2 Qb7 24. Nf3 Kb8 25. Ne1 Ka8 26. Qf2 Ka7 27. Kh1 Qc7 28. Qc2 Kb7 29. Nf3 Bg8 30. Bf2 Bh7 31. Be1 Ra8 32. b4 axb4 33. cxb4 cxb4 34. Bxb4 Bxb4 35. Rxb4 Ra5 36. Rdb1 c5 37. Rb5 Rxb5 38. Rxb5 Kc6 39. Qc4 Qd6 40. a5 bxa5 41. Rxa5 Rb7 42. Ra6+ Rb6 43. Ra7 Rb1+ 44. Kh2 Rb7 45. Qa6+ 1-0

[Event "Fouesnant op 12th"]
[Site "Fouesnant"]
[Date "2006.11.01"]
[Round "6"]
[White "Gaulin, Baudoin"]
[Black "Duverne, Jean Marie"]
[Result "1-0"]
[WhiteElo "2106"]
[BlackElo "2105"]
[PlyCount "42"]
[EventDate "2006.10.28"]
[EventType "swiss"]
[EventRounds "9"]
[EventCountry "FRA"]
[SourceTitle "EXT 2008"]
[Source "ChessBase"]
[SourceDate "2007.11.25"]
[SourceVersion "1"]
[SourceVersionDate "2007.11.25"]
[SourceQuality "1"]

1. d4 Nf6 2. Nf3 g6 3. Nc3 Bg7 4. e4 d6 5. Be3 c6 6. Qd2 b5 7. Bd3 Nbd7 8. Bh6 0-0 9. Bxg7 Kxg7 10. a4 b4 11. Ne2 a5 12. Ng3 Nb6 13. e5 Ng8 14. h4 dxe5 15. dxe5 f5 16. h5 Qd5 17. hxg6 hxg6 18. Qg5 c5 19. Nh5+ Kf7 20. Nf4 Qc6 21. Rh7+ Ke8 1-0

[Event "Fouesnant op 12th"]
[Site "Fouesnant"]
[Date "2006.10.31"]
[Round "5"]
[White "Terrieux, Kevin"]
[Black "Gaulin, Baudoin"]
[Result "1-0"]
[WhiteElo "2345"]
[BlackElo "2106"]
[PlyCount "81"]
[EventDate "2006.10.28"]
[EventType "swiss"]
[EventRounds "9"]
[EventCountry "FRA"]
[SourceTitle "EXT 2008"]
[Source "ChessBase"]
[SourceDate "2007.11.25"]
[SourceVersion "1"]
[SourceVersionDate "2007.11.25"]
[SourceQuality "1"]

1. d4 e6 2. e4 b6 3. Bd3 Bb7 4. Ne2 Qh4 5. Bf4 Bd6 6. Bxd6 cxd6 7. Nbc3 a6 8. d5 Nf6 9. Ng3 0-0 10. 0-0 Ng4 11. h3 Ne5 12. Be2 f5 13. exf5 exf5 14. Bf3 g5 15. Re1 b5 16. a3 Ra7 17. Na2 a5 18. Nc1 Na6 19. Nd3 Ng6 20. b3 Raa8 21. Rc1 Rac8 22. Qd2 b4 23. Nf1 g4 24. hxg4 fxg4 25. Be4 bxa3 26. Ng3 Nb4 27. Nxb4 axb4 28. Nf5 Rxf5 29. Bxf5 Rf8 30. Bxg6 hxg6 31. Re3 Qf6 32. c4 Qf4 33. g3 Qf6 34. Rc2 Qa1+ 35. Re1 Qf6 36. Qxb4 Qf5 37. Ra2 Ba8 38. Qd2 g5 39. Rxa3 Qf6 40. Ra7 Qf5 41. Rea1 1-0

[Event "Avoine op 21th"]
[Site "Avoine"]
[Date "2006.07.29"]
[Round "8"]
[White "Marchadour, Claire"]
[Black "Gaulin, Baudoin"]
[Result "1-0"]
[WhiteElo "2076"]
[BlackElo "1673"]
[PlyCount "61"]
[EventDate "2006.07.22"]
[EventType "swiss"]
[EventRounds "9"]
[EventCountry "FRA"]
[SourceTitle "EXT 2007"]
[Source "ChessBase"]
[SourceDate "2006.11.23"]
[SourceVersion "1"]
[SourceVersionDate "2006.11.23"]
[SourceQuality "1"]

1. e4 c5 2. Nf3 Nc6 3. d4 cxd4 4. Nxd4 e5 5. Nb5 a6 6. N5c3 Bb4 7. Bc4 Nf6 8. 0-0 0-0 9. a4 Qb6 10. Bg5 Nd4 11. Bxf6 Qxf6 12. Nd5 Qc6 13. Bd3 Bd6 14. Nd2 b5 15. c3 Ne6 16. axb5 axb5 17. Rxa8 Qxa8 18. Bxb5 f5 19. Nc4 Bc5 20. b4 Ba7 21. Ne7+ Kh8 22. Nd6 fxe4 23. Nexc8 e3 24. Nxa7 Qxa7 25. fxe3 Qxe3+ 26. Kh1 Nf4 27. Qf3 Qb6 28. Nf7+ Kg8 29. Bc4 Ne6 30. Nh6+ gxh6 31. Qxf8# 1-0

[Event "Fouesnant op 11th"]
[Site "Fouesnant"]
[Date "2005.10.26"]
[Round "6"]
[White "Gaulin, Baudoin"]
[Black "Nicolas, Tristan"]
[Result "0-1"]
[WhiteElo "1720"]
[BlackElo "1199"]
[PlyCount "102"]
[EventDate "2005.10.22"]
[EventType "swiss"]
[EventRounds "9"]
[EventCountry "FRA"]
[SourceTitle "EXT 2007"]
[Source "ChessBase"]
[SourceDate "2006.11.23"]
[SourceVersion "1"]
[SourceVersionDate "2006.11.23"]
[SourceQuality "1"]

1. d4 Nf6 2. Nf3 b6 3. Bg5 e6 4. e3 Be7 5. Nbd2 Bb7 6. Bd3 h6 7. Bh4 d6 8. 0-0 Nbd7 9. e4 Nh5 10. Bxe7 Qxe7 11. c3 g5 12. d5 e5 13. Bb5 Nf4 14. Ne1 h5 15. Qa4 Kd8 16. Bxd7 Qxd7 17. Qxd7+ Kxd7 18. Nef3 f6 19. c4 a5 20. b3 Ke7 21. Rfe1 Bc8 22. Re3 Bd7 23. Nf1 h4 24. Ne1 Rag8 25. Nd3 Nxd3 26. Rxd3 f5 27. exf5 Bxf5 28. Re3 Rf8 29. Nd2 Kd7 30. Rae1 g4 31. Ne4 Bxe4 32. Rxe4 Rhg8 33. a4 Rc8 34. R1e3 Rcf8 35. h3 Rf4 36. hxg4 Rgxg4 37. Rxf4 Rxf4 38. f3 Ke7 39. Re4 Rxe4 40. fxe4 Kf6 41. g3 Kg5 42. Kg2 Kg4 43. gxh4 Kxh4 44. Kf3 Kh3 45. c5 bxc5 46. Kf2 Kg4 47. Ke2 Kf4 48. Kd3 Kf3 49. Kc4 Kxe4 50. Kb5 Kxd5 51. Kxa5 Kc6 0-1

[Event "Fouesnant op 11th"]
[Site "Fouesnant"]
[Date "2005.10.24"]
[Round "4"]
[White "Gaulin, Baudoin"]
[Black "Schmouchkovitch, Clement"]
[Result "1/2-1/2"]
[WhiteElo "2112"]
[BlackElo "1911"]
[PlyCount "105"]
[EventDate "2005.10.22"]
[EventType "swiss"]
[EventRounds "9"]
[EventCountry "FRA"]
[SourceTitle "EXT 2007"]
[Source "ChessBase"]
[SourceDate "2006.11.23"]
[SourceVersion "1"]
[SourceVersionDate "2006.11.23"]
[SourceQuality "1"]

1. d4 Nf6 2. Nf3 e6 3. Bg5 h6 4. Bxf6 Qxf6 5. e4 b6 6. Bd3 Bb7 7. Nbd2 d6 8. c3 Qd8 9. Qe2 Be7 10. 0-0 Nd7 11. Ne1 0-0 12. f4 e5 13. fxe5 dxe5 14. Nef3 Bd6 15. Rae1 Qe7 16. Nc4 Rae8 17. Ne3 Nf6 18. Nf5 Qd8 19. Qf2 Nh5 20. g3 a6 21. Qd2 Kh7 22. Qe2 Nf6 23. Qc2 g6 24. Nxd6 cxd6 25. d5 Kg7 26. Nd2 Qc7 27. Nc4 Nd7 28. Ne3 Qd8 29. Qf2 b5 30. c4 b4 31. b3 a5 32. Qd2 Qg5 33. Rf2 Nc5 34. Bc2 Bc8 35. a3 Bh3 36. axb4 axb4 37. Ra1 Ra8 38. Rxa8 Rxa8 39. Qc1 Ra3 40. Re2 Nxb3 41. Bxb3 Rxb3 42. Qe1 Qd8 43. Qf2 Rb1+ 44. Re1 Rxe1+ 45. Qxe1 Qb6 46. Kf2 b3 47. Qb1 Qb4 48. Qb2 f6 49. Ke2 Bc8 50. Kd3 Ba6 51. g4 Kf7 52. h4 g5 53. hxg5 1/2-1/2

[Event "Fouesnant op 11th"]
[Site "Fouesnant"]
[Date "2005.10.23"]
[Round "2"]
[White "Gaulin, Baudoin"]
[Black "Le Bail, Clara"]
[Result "1/2-1/2"]
[WhiteElo "2112"]
[BlackElo "1924"]
[PlyCount "59"]
[EventDate "2005.10.22"]
[EventType "swiss"]
[EventRounds "9"]
[EventCountry "FRA"]
[SourceTitle "EXT 2007"]
[Source "ChessBase"]
[SourceDate "2006.11.23"]
[SourceVersion "1"]
[SourceVersionDate "2006.11.23"]
[SourceQuality "1"]

1. d4 d5 2. Nf3 Nf6 3. c3 e6 4. Bg5 Be7 5. Nbd2 Nbd7 6. e3 0-0 7. Bd3 c5 8. Ne5 Qc7 9. f4 c4 10. Bc2 b5 11. a3 Bb7 12. 0-0 a5 13. Qf3 Rab8 14. Qh3 Nxe5 15. fxe5 Ne4 16. Nxe4 dxe4 17. Bxe7 Qxe7 18. Qg4 b4 19. axb4 axb4 20. Ra7 Ra8 21. Rxb7 Qxb7 22. Bxe4 Qe7 23. Bxa8 Rxa8 24. Qe2 bxc3 25. bxc3 Qc7 26. Rb1 g6 27. Rb4 Rc8 28. Qa2 Qc6 29. Qa4 Qe4 30. Qa3 1/2-1/2

[Event "Fouesnant op 11th"]
[Site "Fouesnant"]
[Date "2005.10.23"]
[Round "3"]
[White "Pinot, Christophe"]
[Black "Gaulin, Baudoin"]
[Result "1/2-1/2"]
[WhiteElo "1963"]
[BlackElo "2112"]
[PlyCount "59"]
[EventDate "2005.10.22"]
[EventType "swiss"]
[EventRounds "9"]
[EventCountry "FRA"]
[SourceTitle "EXT 2007"]
[Source "ChessBase"]
[SourceDate "2006.11.23"]
[SourceVersion "1"]
[SourceVersionDate "2006.11.23"]
[SourceQuality "1"]

1. d4 e6 2. c4 b6 3. Nc3 Bb7 4. Nf3 f5 5. g3 Nf6 6. Bg2 Be7 7. 0-0 0-0 8. d5 exd5 9. cxd5 Qe8 10. Nd4 Bc5 11. Ndb5 Na6 12. a3 c6 13. dxc6 dxc6 14. Nd6 Bxd6 15. Qxd6 Rd8 16. Qf4 Qe6 17. Qa4 Ra8 18. b4 Nc7 19. Bb2 Ncd5 20. Qc2 Rfe8 21. Rfe1 Ne4 22. Nxe4 fxe4 23. Rad1 a5 24. Rd4 e3 25. f3 axb4 26. axb4 Qg6 27. Qc4 Qf7 28. Qc2 Qg6 29. Qc4 Qf7 30. Qc2 1/2-1/2

[Event "Fouesnant op 11th"]
[Site "Fouesnant"]
[Date "2005.10.22"]
[Round "1"]
[White "Kerbaol, Jacques"]
[Black "Gaulin, Baudoin"]
[Result "0-1"]
[WhiteElo "1770"]
[BlackElo "2112"]
[PlyCount "44"]
[EventDate "2005.10.22"]
[EventType "swiss"]
[EventRounds "9"]
[EventCountry "FRA"]
[SourceTitle "EXT 2007"]
[Source "ChessBase"]
[SourceDate "2006.11.23"]
[SourceVersion "1"]
[SourceVersionDate "2006.11.23"]
[SourceQuality "1"]

1. e4 c5 2. Nf3 Nc6 3. d4 cxd4 4. Nxd4 e5 5. Nxc6 bxc6 6. Nc3 Nf6 7. Bg5 Rb8 8. Rb1 Qa5 9. Bxf6 Rxb2 10. Qd2 Rxb1+ 11. Nxb1 Qxd2+ 12. Kxd2 gxf6 13. Bc4 Rg8 14. g3 f5 15. exf5 d5 16. Bb3 Bxf5 17. Re1 f6 18. f4 e4 19. Kc3 Bc5 20. Ba4 Kd7 21. Nd2 Rb8 22. Nb3 Bb4+ 0-1

[Event "Fouesnant op 10th"]
[Site "Fouesnant"]
[Date "2004.10.26"]
[Round "5"]
[White "Gaulin, Baudoin"]
[Black "Schmouchkovitch, Michel"]
[Result "0-1"]
[WhiteElo "2130"]
[BlackElo "1699"]
[PlyCount "126"]
[EventDate "2004.10.23"]
[EventType "swiss"]
[EventRounds "9"]
[EventCountry "FRA"]
[SourceTitle "EXT 2007"]
[Source "ChessBase"]
[SourceDate "2006.11.23"]
[SourceVersion "1"]
[SourceVersionDate "2006.11.23"]
[SourceQuality "1"]

1. d4 g6 2. e4 Bg7 3. Nc3 c6 4. Bc4 d6 5. Qf3 e6 6. Nge2 Nd7 7. 0-0 Ngf6 8. a4 a5 9. h3 0-0 10. Be3 d5 11. Bb3 dxe4 12. Nxe4 Nxe4 13. Qxe4 Nf6 14. Qh4 Nd5 15. Bg5 Bf6 16. Bxf6 Qxf6 17. Qxf6 Nxf6 18. Nc3 b6 19. Bc4 Ba6 20. b3 Rfd8 21. Rfd1 Kg7 22. Kf1 Ne8 23. Bxa6 Rxa6 24. Ne4 Nd6 25. Nxd6 Rxd6 26. c4 Ra8 27. Ra2 Rad8 28. Rad2 Kf8 29. Ke2 Ke7 30. f4 h5 31. g3 R6d7 32. Ke3 Rd6 33. Rd3 R6d7 34. R1d2 Rd6 35. Ke2 R6d7 36. g4 hxg4 37. hxg4 Rh8 38. Kd1 Rh1+ 39. Kc2 Rf1 40. d5 cxd5 41. Rd4 Rc7 42. g5 dxc4 43. bxc4 Ra1 44. Kb3 Rh1 45. Kc3 Rc1+ 46. Kb3 Rb1+ 47. Kc3 Rb4 48. Ra2 Rd7 49. Re4 Rd1 50. Kc2 Rf1 51. Kc3 Rf3+ 52. Kd2 Rf2+ 53. Re2 Rxf4 54. Kd3 Rfxc4 55. Rab2 Rd4+ 56. Kc3 Rbc4+ 57. Kb3 Rxa4 58. Rec2 Rab4+ 59. Ka3 Rxb2 60. Rxb2 Rd6 61. Ka4 f6 62. gxf6+ Kxf6 63. Rf2+ Kg5 0-1

[Event "Fouesnant op 10th"]
[Site "Fouesnant"]
[Date "2004.10.23"]
[Round "1"]
[White "Gaulin, Baudoin"]
[Black "Delaire, Eric"]
[Result "1/2-1/2"]
[WhiteElo "2130"]
[BlackElo "1989"]
[PlyCount "90"]
[EventDate "2004.10.23"]
[EventType "swiss"]
[EventRounds "9"]
[EventCountry "FRA"]
[SourceTitle "EXT 2007"]
[Source "ChessBase"]
[SourceDate "2006.11.23"]
[SourceVersion "1"]
[SourceVersionDate "2006.11.23"]
[SourceQuality "1"]

1. d4 Nf6 2. Nf3 e6 3. Bg5 Be7 4. Nbd2 d5 5. e3 0-0 6. Bd3 c5 7. c3 h6 8. Bf4 b6 9. Ne5 Bb7 10. Qf3 cxd4 11. exd4 Nbd7 12. h4 Nxe5 13. dxe5 Ne4 14. Nxe4 dxe4 15. Bxe4 Bxe4 16. Qxe4 Rc8 17. Rd1 Qc7 18. Be3 b5 19. 0-0 a5 20. Rd3 Qc4 21. Qxc4 bxc4 22. Rd4 Rb8 23. Bc1 Rb5 24. Re1 Rc8 25. Ree4 Rb7 26. Rxc4 Rxc4 27. Rxc4 Rb5 28. Re4 Rd5 29. Be3 Rd1+ 30. Kh2 Rb1 31. b3 Rb2 32. Ra4 f6 33. Rxa5 fxe5 34. Kg3 Kf7 35. Ra7 Kf6 36. Kf3 Rc2 37. c4 Rc3 38. Ke4 Bd6 39. f4 Rxe3+ 40. Kxe3 Bc5+ 41. Ke4 Bxa7 42. fxe5+ Ke7 43. b4 Bf2 44. h5 Be1 45. b5 Bf2 1/2-1/2

[Event "Fouesnant op 09th"]
[Site "Fouesnant"]
[Date "2003.10.27"]
[Round "4"]
[White "Dumont, Gilles"]
[Black "Gaulin, Baudoin"]
[Result "0-1"]
[WhiteElo "1820"]
[BlackElo "2134"]
[PlyCount "38"]
[EventDate "2003.10.25"]
[EventType "swiss"]
[EventRounds "9"]
[EventCountry "FRA"]
[SourceTitle "EXT 2006"]
[Source "ChessBase"]
[SourceDate "2005.11.24"]
[SourceVersion "1"]
[SourceVersionDate "2005.11.24"]
[SourceQuality "1"]

1. e4 c5 2. Nf3 Nc6 3. d4 cxd4 4. Nxd4 e5 5. Nb5 a6 6. Nd6+ Bxd6 7. Qxd6 Qf6 8. Qd2 Qg6 9. Nc3 d5 10. exd5 Nd4 11. Kd1 Bf5 12. Bd3 Qxg2 13. Re1 Bg4+ 14. Be2 Bxe2+ 15. Nxe2 Nf3 16. Qe3 Nxe1 17. Qxe5+ Ne7 18. d6 0-0-0 19. Kxe1 Qh1+ 0-1

[Event "Rohde op 01st"]
[Site "Sautron"]
[Date "2001.11.03"]
[Round "8"]
[White "Gaulin, Baudoin"]
[Black "Conner, Michel"]
[Result "1-0"]
[WhiteElo "2170"]
[BlackElo "1780"]
[PlyCount "39"]
[EventDate "2001.10.27"]
[EventType "swiss"]
[EventRounds "9"]
[EventCountry "FRA"]
[SourceTitle "EXT 2003"]
[Source "ChessBase"]
[SourceDate "2002.11.25"]
[SourceVersion "1"]
[SourceVersionDate "2002.11.25"]
[SourceQuality "1"]

1. d4 e6 2. Nf3 b6 3. Bg5 Be7 4. Bf4 Bb7 5. Nbd2 Nf6 6. e3 d5 7. Bd3 Nbd7 8. c3 0-0 9. h4 c5 10. Ne5 c4 11. Bc2 b5 12. Qf3 Nxe5 13. dxe5 Ne8 14. Qh5 g6 15. Qh6 Ng7 16. Nf3 f6 17. exf6 Bxf6 18. Ng5 Bxg5 19. hxg5 Nh5 20. Rxh5 1-0

[Event "Rohde op 01st"]
[Site "Sautron"]
[Date "2001.11.02"]
[Round "7"]
[White "Mollard, Alain"]
[Black "Gaulin, Baudoin"]
[Result "1-0"]
[WhiteElo "1880"]
[BlackElo "2170"]
[PlyCount "141"]
[EventDate "2001.10.27"]
[EventType "swiss"]
[EventRounds "9"]
[EventCountry "FRA"]
[SourceTitle "EXT 2003"]
[Source "ChessBase"]
[SourceDate "2002.11.25"]
[SourceVersion "1"]
[SourceVersionDate "2002.11.25"]
[SourceQuality "1"]

1. c4 e6 2. g3 Nf6 3. Bg2 a6 4. Nf3 b5 5. Ne5 Ra7 6. d3 Bb7 7. e4 d6 8. Be3 c5 9. Nf3 bxc4 10. Qa4+ Bc6 11. Qxc4 d5 12. exd5 exd5 13. Qc2 d4 14. Bf4 Be7 15. 0-0 0-0 16. Na3 Bd5 17. Nc4 Nc6 18. a3 Na5 19. Nxa5 Qxa5 20. Ne5 Bxg2 21. Kxg2 Qb5 22. Nc4 Nd5 23. Bd2 Rb7 24. Rfe1 Qc6 25. Kg1 Qg6 26. Re5 Rd8 27. Rae1 h6 28. Na5 Rc7 29. Qb3 Rcd7 30. Nc4 Bf6 31. Re8+ Kh7 32. Rxd8 Rxd8 33. Ne5 Bxe5 34. Rxe5 Qd6 35. Re1 Rb8 36. Qc2 Nf6 37. Bf4 Qb6 38. Bxb8 Qxb8 39. Rb1 Qd6 40. Qc4 Qe7 41. Rc1 Ng4 42. Qxc5 Qf6 43. Qc2 Ne5 44. Qe2 Nf3+ 45. Kh1 g5 46. Qe4+ Kg7 47. Rc6 Nd2 48. Rxf6 Nxe4 49. Rf5 Nd2 50. Kg2 Nb3 51. Rd5 f6 52. h4 Kf7 53. hxg5 hxg5 54. f4 Ke6 55. Rd8 gxf4 56. gxf4 a5 57. Kg3 Nc1 58. b4 axb4 59. axb4 Nxd3 60. Rxd4 Nc1 61. Rd2 Nb3 62. Rd3 Nc1 63. Rd1 Ne2+ 64. Kf3 Nc3 65. Rc1 Nb5 66. Rc6+ Ke7 67. Ke4 Kf7 68. f5 Ke7 69. Re6+ Kf7 70. Rc6 Ke7 71. Kd5 1-0